| 000 | 00894nam a22002657a 4500 | ||
|---|---|---|---|
| 005 | 20130422114125.0 | ||
| 008 | 130422b xxu||||| |||| 00| 0 eng d | ||
| 010 | _aENG-106948 | ||
| 020 |
_a9788177083118 _c2175.00 |
||
| 035 | _aEN-90481 | ||
| 037 | _bDBAD/PUB | ||
| 040 |
_aDPL _bEng |
||
| 082 | _a382.0954 | ||
| 100 | _aMathur, Vibha | ||
| 245 | 0 | 0 |
_aForeign Trade, Export-import Policy and Regional Trade Agreements of India. / _cby Vibha Mathur |
| 260 |
_bNew Century Publications _c2012. _aNew Delhi |
||
| 270 |
_a4800/24, Bharat Ram Road, Ansari Road, Darya Ganj _bNew Delhi _e110002 |
||
| 300 |
_axLix,536p. _c25cm(Hb) |
||
| 500 | _aIncludes bibliographical references and index | ||
| 650 | 0 |
_aTrade blocs _zIndia. |
|
| 650 | 0 |
_aRegionalism _zIndia. |
|
| 651 | 0 |
_aIndia _xCommerce. |
|
| 651 | 0 |
_aIndia _xCommercial policy. |
|
| 942 |
_2ddc _cEN _h382.0954 _mMAT |
||
| 999 |
_c74759 _d74759 |
||